Vaciamiento quirúrgico de los senos paranasales o etmoido-esfenectomía y frontotomía transmaxilar / (Record no. 79387)

MARC details
000 -LEADER
campo de control de longitud fija 00703nam a2200193 i 4500
001 - NÚMERO DE CONTROL
campo de control 79387
003 - IDENTIFICADOR DE NÚMERO DE CONTROL
campo de control ES-MaACL
005 - FECHA Y HORA DE LA ÚLTIMA TRANSACCIÓN
campo de control 20230906173951.0
007 - CAMPO FIJO DE DESCRIPCIÓN FÍSICA--INFORMACIÓN GENERAL
campo de control de longitud fija t|
008 - DATOS DE LONGITUD FIJA--INFORMACIÓN GENERAL
campo de control de longitud fija 041021s1952 sp ||||1| spa d
100 1# - ENTRADA PRINCIPAL--NOMBRE DE PERSONA
Nombre de persona Hernández, Anselmo.
9 (RLIN) 62786
245 10 - MENCIÓN DEL TÍTULO
Título Vaciamiento quirúrgico de los senos paranasales o etmoido-esfenectomía y frontotomía transmaxilar /
Mención de responsabilidad, etc. por Anselmo Hernández ; prólogo de Guillermo Núñez y de Juan Manuel Tato.
260 ## - PUBLICACIÓN, DISTRIBUCIÓN, ETC.
Lugar de publicación, distribución, etc. Madrid :
Nombre del editor, distribuidor, etc. R.A.D.A.R.,
Fecha de publicación, distribución, etc. 1952 (
Fabricante Selecciones Gráficas)
300 ## - DESCRIPCIÓN FÍSICA
Extensión 166 p. :
Otras características físicas il. ;
Dimensiones 24 cm.
700 1# - ENTRADA AGREGADA--NOMBRE PERSONAL
Nombre de persona Núñez, Guillermo.
9 (RLIN) 86153
700 1# - ENTRADA AGREGADA--NOMBRE PERSONAL
Nombre de persona Tato, Juan Manuel.
9 (RLIN) 208910
852 ## - LOCALIZACIÓN
Ubicación ES-MaACL
Número de control de estantería D-8460
Sublocalización o colección R.33072
Holdings
Estatus retirado Estado de pérdida Estado de daño No para préstamo Biblioteca de origen Biblioteca actual Ubicación en estantería Fecha de adquisición Fuente de adquisición Total de préstamos Signatura topográfica completa Código de barras Visto por última vez Precio de reemplazo Tipo de ítem Koha
        Biblioteca del Ateneo de Madrid Biblioteca del Ateneo de Madrid Sala Valle Inclán 17/01/2008     D-8460 901083018 23/02/2023 23/02/2023 Libro impreso